000 00241nam a2200097Ia 4500
001 690830
005 20250826161823.0
008 250824s9999 xx 000 0 und d
245 0 _aMEVLANA TERAPİ
_cSENAİ DEMİRCİ
260 _bDESTEK YAYINLARI
999 _c690830
_d690830